000 01403nam0a22002531 4500
001 rc\205420
005 20030307114118.2
035 _a(NLR Aleph) 005457155
090 _a4919326
_c4919326
100 _a20030307d1995 u |0rusy50 ca
101 0 _arus
102 _aRU
105 _aa |||||||||
200 1 _aХИМИЧЕСКАЯ промышленность
_eМетод. пособие по курсу "Системы технологий важнейших отраслей нар. хоз-ва" для студентов заоч. фак. спец. 06 301 "Бух. учет, контроль и анализ хоз. деятельности в пром-сти"
_fГос. ком. Рос. Федерации по высш. образованию. Кузбас. гос. техн. ун-т. Каф. основного орган. синтеза
_gСост. Л.В. Крутская
210 _aКемерово
_cКузбас. гос. техн. ун-т
_d1995
215 _a30 с.
_cил.
_d20
320 _aБиблиогр.: с. 27-28
702 1 _aКрутская
_bЛ. В.
_gЛидия Викторовна
_4220
712 0 2 _aКузбасский техн. ун-т
_cКемерово
_bКафедра основного органического синтеза
_3RU\NLR\AUTH\889991609
801 0 _aRU
_bNLR
_gpsbo
801 1 _aRU
_bELAR
_2rusmarc
852 _aNLR
_j96-4/9293
942 _cBOOK
980 _aNB